[Event "TUR-chT2"]
[Site "Konya"]
[Date "2017.07.10"]
[Round "3.10"]
[White "Sakarya, Muammer Boran"]
[Black "Kaynar, Mustafa Deniz"]
[Result "1-0"]
[WhiteElo "1495"]
[BlackElo "1179"]
[PlyCount "99"]
[EventDate "2017.07.09"]
[EventType "team-swiss"]
[EventRounds "9"]
[EventCountry "TUR"]
[SourceTitle "CBM 179 Extra"]
[Source "ChessBase"]
[SourceDate "2017.08.23"]
[SourceVersion "1"]
[SourceVersionDate "2017.08.23"]
[SourceQuality "1"]
[WhiteTeam "Uludag Univ"]
[BlackTeam "Sinop Kultur"]
[WhiteTeamCountry "TUR"]
[BlackTeamCountry "TUR"]

1. d4 Nf6 2. c4 e6 3. Nf3 b6 4. Bg5 Bb7 5. e3 Be7 6. Nc3 0-0 7. h3 d5 8. Bd3 dxc4 9. Bxc4 Nbd7 10. 0-0 Re8 11. Rc1 c5 12. Qe2 Rc8 13. Ba6 Qc7 14. Bxb7 Qxb7 15. Rfd1 Red8 16. Bh4 Kf8 17. Bg3 cxd4 18. Nxd4 Nc5 19. Ndb5 Nd5 20. Nxd5 Rxd5 21. Rxd5 exd5 22. Qh5 Kg8 23. Bd6 Rd8 24. Bxe7 Qxe7 25. Rd1 Qb7 26. Nc3 Qe7 27. Rxd5 Rxd5 28. Qxd5 h6 29. Nb5 a6 30. Nd4 Qc7 31. Nf3 Qe7 32. b4 Nb7 33. a3 Qc7 34. Nd4 Qc1+ 35. Kh2 Qc7+ 36. g3 Qe7 37. Qc6 Nd6 38. Qxb6 Qf6 39. Kg2 Qe5 40. Qxa6 Qd5+ 41. Kh2 Qa2 42. Kg2 Qd5+ 43. Kg1 g6 44. Qc6 Qe5 45. b5 Qf6 46. b6 Qe7 47. a4 Ne4 48. b7 Kh7 49. b8Q Nxg3 50. Qxg3 1-0